<?xml version="1.0" encoding="UTF-8"?>
<record
    xmlns:xsi="http://www.w3.org/2001/XMLSchema-instance"
    xsi:schemaLocation="http://www.loc.gov/MARC21/slim http://www.loc.gov/standards/marcxml/schema/MARC21slim.xsd"
    xmlns="http://www.loc.gov/MARC21/slim">

  <leader>01637cam a2200205   4500500</leader>
  <controlfield tag="005">20260322004600.0</controlfield>
  <datafield tag="041" ind1=" " ind2=" ">
    <subfield code="a">fre</subfield>
  </datafield>
  <datafield tag="042" ind1=" " ind2=" ">
    <subfield code="a">dc</subfield>
  </datafield>
  <datafield tag="100" ind1="1" ind2="0">
    <subfield code="a">Jeannet, Monique</subfield>
    <subfield code="e">author</subfield>
  </datafield>
  <datafield tag="700" ind1="1" ind2="0">
    <subfield code="a">Hoarau, C&#xE9;line</subfield>
    <subfield code="e">author</subfield>
  </datafield>
  <datafield tag="700" ind1="1" ind2="0">
    <subfield code="a">Hintea, Dorina</subfield>
    <subfield code="e">author</subfield>
  </datafield>
  <datafield tag="700" ind1="1" ind2="0">
    <subfield code="a">B&#xE9;hocaray, Laurence</subfield>
    <subfield code="e">author</subfield>
  </datafield>
  <datafield tag="700" ind1="1" ind2="0">
    <subfield code="a">Cormont, Olivier</subfield>
    <subfield code="e">author</subfield>
  </datafield>
  <datafield tag="245" ind1="0" ind2="0">
    <subfield code="a">Introduction: Between utopias and dystopias, staying the course</subfield>
  </datafield>
  <datafield tag="260" ind1=" " ind2=" ">
    <subfield code="c">2026.
							</subfield>
  </datafield>
  <datafield tag="500" ind1=" " ind2=" ">
    <subfield code="a">61</subfield>
  </datafield>
  <datafield tag="520" ind1=" " ind2=" ">
    <subfield code="a">This article provides a synthesis on the role of self-esteem and self-compassion in healthy aging. Healthy aging and successful aging are related but distinct concepts, both emphasizing positive aging trajectories. While healthy aging integrates a holistic view of physical, psychological, and social well-being, successful aging focuses on preserving functional capacities. Cognitive, motor, and sensory deficits may occur with age; however, it is now known that various lifestyle factors (physical activity, cognitive stimulation, a balanced diet, and diverse social interactions) can reduce these detrimental effects of aging and promote successful aging. A satisfactory self-perception also appears crucial for healthy aging. Optimizing self-esteem and promoting self-compassion could therefore be an effective strategy to address the challenges of aging. We further explore the potential of self-perception as a means of intervention for enhancing the well-being of older adults.</subfield>
  </datafield>
  <datafield tag="786" ind1="0" ind2=" ">
    <subfield code="n">Sociographe | 93 | 1 | 2026-02-27 | p. 9-13 | 1297-6628</subfield>
  </datafield>
  <datafield tag="856" ind1="4" ind2="1">
    <subfield code="u">https://shs.cairn.info/journal-sociographe-2026-1-page-9?lang=en&amp;redirect-ssocas=7080</subfield>
  </datafield>
  <datafield tag="999" ind1=" " ind2=" ">
    <subfield code="c">1741485</subfield>
    <subfield code="d">1741485</subfield>
  </datafield>
</record>
